Регионална библиотека "Любен Каравелов" - Русе

Азбукарче (Запис номер 107820)

MARC детайли
000 -Лидер
Контролно поле с фиксирана дължина 01570nam a2200385 a 4500
003 - Код на организацията, давaща контролен номер
Контролно поле BLK
005 - Дата и час на последна редакция
Контролно поле 20250510155006.0
008 - Елементи от данни с фиксирана дължина
fixed length control field 180409b bul|||||r ||||||| ||bul||
010 ## - Наследен системен номер
LC control number KNG00113116000
020 ## - Международен стандартен номер на книга ISBN
Международен стандартен номер на книга ISBN 954-516-416-6
040 ## - Източник на каталожния запис
Идентификатор на билиотеката - собственик на записа BLK
041 ## - Код за език
Код за езика на текст/звукозапис или на отделно заглавие Български
Код за езика КДБФ Български
080 ## - УДК
Текстов определител УДК Основи на четенето. Методи на обучение в четенето
УДК код - определител по УДК 372.41
УДК определител (075.2)
УДК - код + определител 372.41(075.2)
100 1# - Редна дума - Автор
Автор Танкова, Румяна Димитрова
Авторска отговорност първи автор
R(LIN) 368870
139 ## - Редно поле
Редна дума Азбукарче
Авторски знак Аз - А 36
245 10 - Сведения за заглавието
Заглавие Азбукарче
Подзаглавни данни Кн. за буквите
Редно поле (дума) Румяна Димитрова Танкова; ил. Александър Алексов; ил. Доньо Донев.
257 ## - Страна на издаване
Страна на създаване/издаване България
260 ## - Област на издателските данни
Име на издателя, разпространителя и проч. Летера
Година на издаване 2003
Печатница В. Търново : Абагар
Място на издаване, разпространение и проч. Пловдив
300 ## - Физическа характеристика
Страници 124 с.
Илюстрации и др. с цв. ил.
Размери/Мащаб 27 см
380 ## - Жанр
Жанр Обществени науки
500 ## - Общи забележки
Забележка Други авт.: В. Самуилов, П. Анастасов, В. Иванова, В. Божилова.
650 #4 - Допълнително описание по предмет – тема
Основно описание – тема или топоним Четене - учебници за основни училища
9 (RLIN) 252948
653 ## - Ключова дума – ненормативна
Ключова дума четене
653 ## - Ключова дума – ненормативна
Ключова дума азбука
653 ## - Ключова дума – ненормативна
Ключова дума учебни помагала
700 1# - Други автори (авторска отговорност)
Лично име Алексов, Александър
Автороска отговорност (Описва отношението между автора и произведението) ил.
9 (RLIN) 372063
700 1# - Други автори (авторска отговорност)
Лично име Донев, Доньо
Автороска отговорност (Описва отношението между автора и произведението) ил.
9 (RLIN) 370867
852 ## - Местоположение
Форматна сигнатура Цб ІІ 12624
856 4# - Електронен адрес и достъп
Електронен формат pdf - файл
856 4# - Електронен адрес и достъп
Електронен формат pdf - файл
999 ## - СИСТЕМНИ КОНТРОЛНИ НОМЕРА
Koha biblionumber 107820
Koha biblioitemnumber 107820
942 ## - АРТИКУЛИ
Вид на библиотечния материал Книги
Скрит в OPAC Не
Koha issues (borrowed), all copies 20
Периодичен библиозапис Да
944 ## - СЪЗДАВАНЕ И РЕДАКЦИЯ на ЗАПИСА
Създаване/Редакция Създаване
Дата на регистрацията/редакция 17.05.2004
Статус, дата на статуса Анна Гръцманова
Служител, извършил регистрацията/редакцията 30564
944 ## - СЪЗДАВАНЕ И РЕДАКЦИЯ на ЗАПИСА
Създаване/Редакция Редакция
Дата на регистрацията/редакция 14.01.2013
Статус, дата на статуса ф /
999 ## - СИСТЕМНИ КОНТРОЛНИ НОМЕРА
Koha biblioitemnumber 107820
Наличности
Код за отписване Код за изгубен артикул Източник на класификационната схема Код за повреда Коз за рестрикции Код за отдаване Артикулен № Име на библиотеката - собственик Име на библиотеката, в която се намира в момента Статус (Текущо местоположение) Дата на вписване в системата Местоположение - отдел Цена в лева Инвентарен номер Систематично азбучна сигнатура Баркод Номер на екземпляра Цена в евро Служебна бележка Служебен тип на артикула
  Не е изгубен Universal Decimal Classification Не е повреден само за читалня ползва се в читалня 173856 Регионална библиотека "Любен Каравелов" Русе Регионална библиотека "Любен Каравелов" Русе Хранилище 2004-05-17 Хранилище 7.50 120000685513 Цб ІІ 12624 120000685513 1 3.83 Дост: Dp Вид: Д N: 29 Дата: 09.07.2003 Книги
  Не е изгубен Universal Decimal Classification Не е повреден без рестрикции заемане за дома 173857 Регионална библиотека "Любен Каравелов" Русе Регионална библиотека "Любен Каравелов" Русе Детски отдел 2012-11-15 Детски отдел 10.01 120000761009 ДН 373.3.016:028/А 36 120000761009 2 5.12 Дост: Pk Вид: Ф N: 4543 Дата: 08.11.2012 Дата инв: 01.09.2015 Бележки инв: Д2015 Книги
Vip Innovations Ltd, Rousse, Bulgaria 2025